Comparative analysis of traffic assignment techniques with actual highway use (Record no. 543108)
[ view plain ]
| 000 -LEADER | |
|---|---|
| fixed length control field | 00891cam a2200217 4500 |
| 082 00 - DEWEY DECIMAL CLASSIFICATION NUMBER | |
| Classification number | 388.1 |
| Author Mark | HUB |
| -- | D |
| 100 1# - MAIN ENTRY--PERSONAL NAME | |
| Personal name | Huber, Matthew J. |
| 9 (RLIN) | 38484 |
| 245 10 - TITLE STATEMENT | |
| Title | Comparative analysis of traffic assignment techniques with actual highway use |
| Statement of responsibility, etc. | [by] Matthew J. Huber, Harvey B. Boutwell, and David K. Witheford. |
| 260 ## - PUBLICATION, DISTRIBUTION, ETC. | |
| Place of publication, distribution, etc. | [Washington] |
| Name of publisher, distributor, etc. | Highway Research Board, |
| Date of publication, distribution, etc. | 1968. |
| 300 ## - PHYSICAL DESCRIPTION | |
| Extent | 85 p. |
| Other physical details | illus., maps. |
| Dimensions | 28 cm. |
| 490 1# - SERIES STATEMENT | |
| Series statement | NAS-NRC publication 1712. |
| 490 1# - SERIES STATEMENT | |
| Series statement | National Cooperative Highway Research Program. Report ; |
| 500 ## - GENERAL NOTE | |
| General note | "The research reported herein was performed by the Bureau of Highway Traffic, Yale University." |
| 526 ## - STUDY PROGRAM INFORMATION NOTE | |
| Program name | 0 |
| Interest level | 0 |
| Reading level | 0 |
| Title point value | 388_100000000000000_HUB |
| 650 #0 - SUBJECT ADDED ENTRY--TOPICAL TERM | |
| Topical term or geographic name entry element | MCE |
| 9 (RLIN) | 379 |
| 650 #0 - SUBJECT ADDED ENTRY--TOPICAL TERM | |
| Topical term or geographic name entry element | Traffic assignment. |
| 9 (RLIN) | 38485 |
| 700 1# - ADDED ENTRY--PERSONAL NAME | |
| Personal name | Boutwell, Harvey B., |
| 9 (RLIN) | 38486 |
| 700 1# - ADDED ENTRY--PERSONAL NAME | |
| Personal name | Witheford, David K., |
| 9 (RLIN) | 20748 |
| 710 2# - ADDED ENTRY--CORPORATE NAME | |
| Corporate name or jurisdiction name as entry element | Yale University. |
| 9 (RLIN) | 38487 |
| 942 ## - ADDED ENTRY ELEMENTS (KOHA) | |
| Source of classification or shelving scheme | |
| Koha item type | Book |
| Withdrawn status | Lost status | Source of classification or shelving scheme | Damaged status | Not for loan | Permanent Location | Current Location | Date acquired | Total Checkouts | Full call number | Barcode | Date last seen | Price effective from | Koha item type |
|---|---|---|---|---|---|---|---|---|---|---|---|---|---|
| Military College of Engineering (MCE) | Military College of Engineering (MCE) | 03/05/2014 | 388.1 HUB | MCE-42144 | 03/05/2014 | 03/05/2014 | Book |
